00403nam a2200157Ia 4500008004100000020001800041041000800059082001700067100002900084245003200113260004300145300001400188365001500202650001400217650001400231210719s1981 xx 000 0 und d a0-395-30509-8 aeng a330.092 GALL aGALBRAITH (John Kenneth) aLife in our timesbMemories aBostonbHoughton mifflin companyc1981 ax,563bHB b16.95cUSD aBiography aEconomics